Państwa komunistyczne kiedyś. - Statystyki

Ogólne statystyki
  • Ten quiz został rozwiązany 477 razy
  • Średni wynik to 8 z 16
Statystyki odpowiedzi
Państwo % Poprawnych
Polska
93%
Rumunia
75%
Czechosłowacja
73%
Węgry
71%
Związek Radziecki
71%
Bułgaria
68%
Jugosławia
68%
NRD
65%
Albania
52%
Mongolia
39%
Kambodża
24%
Afganistan
23%
Angola
20%
Etiopia
16%
Benin
6%
Jemen Południowy
5%
Nie znaleziono quizów pasujących do podanych kryteriów
Rozkład punktacji
Procent ludzi z każdym wynikiem
Percentyl według liczby udzielonych odpowiedzi
Twoja historia wyników
Nie rozwiązałeś tego quizu